3+ star bands Spirit Of Metal - Statistics

General Stats
  • This quiz has been taken 37 times
  • The average score is 149 of 499
Answer Stats
Answer % Correct
Thrash Metal Metallica
95%
Thrash Heavy Megadeth
91%
Thrash Metal Slayer
91%
Hard Rock AC/DC
86%
Thrash Metal Anthrax
86%
Heavy Metal Black Sabbath
86%
Death Metal Cannibal Corpse
86%
NWOBHM Iron Maiden
86%
Doom Metal Candlemass
82%
Death Metal Death
82%
Progressive Metal Dream Theater
82%
Nu Metal KoRn
82%
Black Metal Mayhem
82%
Thrash Neo Slipknot
82%
Death Black Behemoth
77%
Melodic Power Helloween
77%
Black Metal Judas Iscariot
77%
Metalcore Killswitch Engage
77%
Nu Metal Linkin Park
77%
Experimental Metal Meshuggah
77%
Progressive Heavy Queensrÿche
77%
Industrial Metal Rammstein
77%
Thrash Metal Sepultura
77%
Thrash Metal Sodom
77%
Black Metal 1349
73%
Black Metal Burzum
73%
Death Grind Cattle Decapitation
73%
Black Metal Darkthrone
73%
Melodic Death Dark Tranquillity
73%
Melodic Death Dethklok
73%
Symphonic Black Dimmu Borgir
73%
Folk Death Eluveitie
73%
Symphonic Black Emperor
73%
Industrial Metal Fear Factory
73%
Thrash Heavy Iced Earth
73%
Melodic Death Kalmah
73%
Melodic Power Kamelot
73%
Gothic Doom Katatonia
73%
Industrial Metal Ministry
73%
Progressive Death Opeth
73%
Metalcore Parkway Drive
73%
Melodic Power Powerwolf
73%
Symphonic Death Septicflesh
73%
Melodic Power Stratovarius
73%
Bay Area Thrash Testament
73%
Progressive Metal Tool
73%
Black Heavy Venom
73%
Deathcore Whitechapel
73%
Heavy Metal Accept
68%
Symphonic Power Angra
68%
Avantgardiste Black Arcturus
68%
Progressive Metal Ayreon
68%
Black Metal Behexen
68%
Heavy Metal Bruce Dickinson
68%
Gothic Black Cradle Of Filth
68%
Bay Area Thrash Exodus
68%
Stoner Kyuss
68%
Atmospheric Metal Lacuna Coil
68%
Metalcore Lamb Of God
68%
Heavy Metal Mercyful Fate
68%
Thrash Heavy Metal Church
68%
Death Metal Morbid Angel
68%
Symphonic Heavy Nightwish
68%
Technical Death Nile
68%
Progressive Metal Porcupine Tree
68%
Symphonic Power Rhapsody Of Fire
68%
Hard Rock Rush
68%
Melodic Power Sabaton
68%
Crossover Suicidal Tendencies
68%
Deathcore Suicide Silence
68%
Progressive Power Symphony X
68%
Gothic Doom Type O Negative
68%
Death Metal Vader
68%
Thrash Metal Voïvod
68%
Hard Rock Volbeat
68%
Speed Heavy X Japan
68%
Folk Metal Alestorm
64%
Melodic Death Amon Amarth
64%
Technical Thrash Annihilator
64%
Melodic Death At The Gates
64%
Melodic Power Blind Guardian
64%
Deathcore Chelsea Grin
64%
Nu Metal Disturbed
64%
Death Grind Dying Fetus
64%
Symphonic Metal Epica
64%
Thrash Metal GWAR
64%
Avantgardiste Black Lifelover
64%
Progressive Metal Mastodon
64%
Viking Black Moonsorrow
64%
Hard Rock Mötley Crüe
64%
Grunge Nirvana
64%
Speed Heavy Rage
64%
Industrial Metal Static-X
64%
Symphonic Heavy Therion
64%
Metalcore Trivium
64%
Black Metal Watain
64%
Death Metal Zyklon
64%
Symphonic Heavy Amberian Dawn
59%
Death Metal Bloodbath
59%
Black Heavy Children Of Bodom
59%
Melodic Power DragonForce
59%
Thrash Death Gojira
59%
Black Metal Gorgoroth
59%
Death Metal Hate
59%
Hardcore Hatebreed
59%
Brutal Black Impaled Nazarene
59%
Nu Metal Kittie
59%
Folk Metal Korpiklaani
59%
Thrash Neo Maximum The Hormone
59%
Gothic Dark Moonspell
59%
Experimental Metal Mushroomhead
59%
Industrial Metal Nine Inch Nails
59%
Death Metal Obituary
59%
Heavy Metal Ozzy Osbourne
59%
Industrial Metal Rob Zombie
59%
Black Metal Satyricon
59%
Nu Metal System Of A Down
59%
Thrash Metal Toxic Holocaust
59%
/ Folk Metal Týr
59%
Melodic Death Wintersun
59%
Guitar Hero Yngwie Malmsteen
59%
Dark Metal Agalloch
55%
Modern Metal Amaranthe
55%
Symphonic Black Anorexia Nervosa
55%
Melodic Death Arch Enemy
55%
/ Metalcore Asking Alexandria
55%
Metalcore Attack Attack
55%
Nu Metal Deftones
55%
Death Metal Deicide
55%
Symphonic Heavy Delain
55%
Heavy Metal DIO
55%
Progressive Metal Dir En Grey
55%
Nu Metal Drowning Pool
55%
Metalcore Five Finger Death Punch
55%
Melodic Death In Flames
55%
Nu Metal Limp Bizkit
55%
Crossover Municipal Waste
55%
Gothic Doom Paradise Lost
55%
Thrash Metal Tankard
55%
Folk Metal Turisas
55%
Heavy Rock Twisted Sister
55%
Industrial Metal White Zombie
55%
Alternative Metal 30 Seconds To Mars
50%
Metalcore As I Lay Dying
50%
Symphonic Power Avantasia
50%
Deathcore Bring Me The Horizon
50%
Stoner Doom Electric Wizard
50%
Folk Metal Ensiferum
50%
Nu Metal Ill Niño
50%
Technical Thrash Machine Head
50%
Thrash Black Melechesh
50%
Melodic Power Sonata Arctica
50%
Melodic Death The Agonist
50%
Deathcore Thy Art Is Murder
50%
Dark Ambient Ulver
50%
Atmospheric Metal Alcest
45%
Metalcore Architects
45%
Folk Black Borknagar
45%
Death Grind Carcass
45%
Nu Metal Coal Chamber
45%
Hard Rock Deep Purple
45%
Death Thrash DevilDriver
45%
Folk Metal Elvenking
45%
Post Hardcore Falling In Reverse
45%
Heavy Rock Ghost
45%
Melodic Death Insomnium
45%
Speed Heavy Judas Priest
45%
Heavy Metal Manowar
45%
Hard Rock Motörhead
45%
Death Doom My Dying Bride
45%
Progressive Death Amorphis
41%
Grindcore Anaal Nathrakh
41%
Symphonic Heavy Apocalyptica
41%
Black Death Belphegor
41%
Dark Metal Celtic Frost
41%
Melodic Power Dark Moor
41%
Death'n'Roll Entombed
41%
Folk Black Finntroll
41%
Melodic Power Hammerfall
41%
Thrash Metal Kreator
41%
Symphonic Heavy Leaves' Eyes
41%
Indus Gothic Marilyn Manson
41%
Metalcore Motionless In White
41%
Symphonic Black Old Man's Child
41%
Industrial Metal Oomph
41%
Progressive Heavy Savatage
41%
Nu Metal Sevendust
41%
Symphonic Metal Sirenia
41%
Grunge Soundgarden
41%
Experimental Metal The Dillinger Escape Plan
41%
Alternative Metal Three Days Grace
41%
Electro Metal We Butter The Bread With Butter
41%
Symphonic Metal Within Temptation
41%
Atmospheric Black Wolves In The Throne Room
41%
Melodic Metal Avenged Sevenfold
36%
Progressive Metal Born Of Osiris
36%
Symphonic Black Carach Angren
36%
Melodic Power Edguy
36%
Folk Death Equilibrium
36%
Metal Evanescence
36%
Viking Black Falkenbach
36%
Alternative Metal Flyleaf
36%
Melodic Power Gamma Ray
36%
Alternative Metal Godsmack
36%
Hard Rock Guns N' Roses
36%
Pagan Black Kampfar
36%
Heavy Metal King Diamond
36%
Gothic Metal Lacrimosa
36%
Hard Rock Led Zeppelin
36%
Grind Death Napalm Death
36%
Deathcore Oceano
36%
Nu Metal P.O.D.
36%
Hard Rock Poison
36%
Symphonic Metal Tarja
36%
Gothic Metal Tristania
36%
Symphonic Metal Xandria
36%
Epic Black Bathory
32%
Brutal Death Cryptopsy
32%
Melodic Death Black Dissection
32%
Symphonic Death Fleshgod Apocalypse
32%
Death Metal Kataklysm
32%
Hard Rock KISS
32%
Alternative Metal Lostprophets
32%
Symphonic Power Luca Turilli
32%
Power Metal Pantera
32%
Experimental Metal Serj Tankian
32%
Symphonic Power Visions Of Atlantis
32%
Symphonic Heavy After Forever
27%
Grunge Alice In Chains
27%
Alternative Metal A Perfect Circle
27%
Hard Rock Breaking Benjamin
27%
Metalcore Bullet For My Valentine
27%
Technical Death Decapitated
27%
NWOBHM Def Leppard
27%
Nu Metal Dope
27%
Progressive Black Enslaved
27%
Melodic Power Freedom Call
27%
Death Metal Grave
27%
Speed Heavy Grave Digger
27%
Black Metal Immortal
27%
Death Metal Job For A Cowboy
27%
Folk Metal Mägo De Oz
27%
Brutal Black Marduk
27%
Thrash Metal Overkill
27%
Industrial Metal Pain
27%
Progressive Metal Pain Of Salvation
27%
Hard Rock Scorpions
27%
Melodic Death Soilwork
27%
Technical Thrash Strapping Young Lad
27%
Metalcore The Devil Wears Prada
27%
Heavy Metal W.A.S.P.
27%
Technical Death Atheist
23%
Metalcore August Burns Red
23%
Sludge Metal Black Label Society
23%
Black Metal Carpathian Forest
23%
Black Metal Dark Funeral
23%
Progressive Metal Devin Townsend
23%
Thrash Death Possessed
23%
Stoner Queens Of The Stone Age
23%
/ Hard Rock Rainbow
23%
Technical Death Suffocation
23%
Metalcore Veil Of Maya
23%
Post Hardcore A Day To Remember
18%
Hard Rock Blue Öyster Cult
18%
Avantgardiste Black Blut Aus Nord
18%
Death Metal Bolt Thrower
18%
Symphonic Metal Haggard
18%
Death Metal Incantation
18%
Nu Metal Mudvayne
18%
Grunge Pearl Jam
18%
Gothic Black Rotting Christ
18%
Thrash Neo Soulfly
18%
Melodic Death The Black Dahlia Murder
18%
Death Metal Unleashed
18%
Black Metal Xasthur
18%
Metalcore All That Remains
14%
Progressive Death Between The Buried And Me
14%
Doom Metal Cathedral
14%
Technical Death Necrophagist
14%
Power Metal Nevermore
14%
Thrash Metal Nuclear Assault
14%
Melodic Power Primal Fear
14%
Alternative Metal Rise Against
14%
NWOBHM Saxon
14%
Hard Rock Uriah Heep
14%
Hard Rock Whitesnake
14%
Viking Black Windir
14%
Death Grind Aborted
9%
Progressive Death After The Burial
9%
Hardcore Agnostic Front
9%
Hard Rock Airbourne
9%
Death Metal Autopsy
9%
Emo Metal Black Veil Brides
9%
Hard Rock Cinderella
9%
Thrash Metal Dark Angel
9%
Bay Area Thrash Death Angel
9%
Thrash Metal Destruction
9%
Hard Rock Dokken
9%
Sludge Metal Down
9%
Symphonic Death Ex Deo
9%
Thrash Black Hellhammer
9%
Alternative Metal Nickelback
9%
Death Metal Pestilence
9%
Hard Rock Quiet Riot
9%
Industrial Metal Samael
9%
Grunge Seether
9%
Death Metal Six Feet Under
9%
Hard Rock Skid Row
9%
Alternative Metal Skillet
9%
Alternative Metal Stone Sour
9%
Epic Black Summoning
9%
Hard Rock Tenacious D
9%
Metalcore Underoath
9%
Metalcore Unearth
9%
Hard Rock Van Halen
9%
Hard Rock Aerosmith
5%
Alternative Metal Alter Bridge
5%
Atmospheric Metal Anathema
5%
Heavy Metal Anvil
5%
Pagan Folk Arkona
5%
Thrash Metal Artillery
5%
Deathcore As Blood Runs Black
5%
Metalcore Atreyu
5%
Symphonic Metal Battlelore
5%
Technical Death Beneath The Massacre
5%
Death Grind Benighted
5%
Deathcore Betraying The Martyrs
5%
Hardcore Biohazard
5%
Metalcore Caliban
5%
Deathcore Carnifex
5%
Metalcore Chimaira
5%
Folk Metal Cruachan
5%
Progressive Death Cynic
5%
Brutal Death Devourment
5%
Death Metal Dismember
5%
Black Metal Enthroned
5%
Melodic Heavy Europe
5%
Thrash Metal Flotsam And Jetsam
5%
Death Metal God Dethroned
5%
Technical Death Gorod
5%
Death Metal Hate Eternal
5%
Metalcore Heaven Shall Burn
5%
Melodic Death Hypocrisy
5%
Metalcore I Killed The Prom Queen
5%
Death Metal Immolation
5%
Folk Metal In Extremo
5%
Metalcore In This Moment
5%
Guitar Hero Joe Satriani
5%
Death Metal Krisiun
5%
Hard Rock Lordi
5%
Death Metal Malevolent Creation
5%
Death Grind Mortician
5%
Black Metal Nargaroth
5%
Black Metal Nattefrost
5%
Pagan Black Nokturnal Mortum
5%
Technical Death Obscura
5%
Thrash Metal Onslaught
5%
Technical Death Origin
5%
Folk Death Orphaned Land
5%
Nu Metal Otep
5%
Nu Metal Papa Roach
5%
Black Metal Peste Noire
5%
Folk Black Primordial
5%
Hard Rock Ratt
5%
Nu Metal Scars On Broadway
5%
Gothic Metal Sentenced
5%
Alternative Metal Shinedown
5%
Avantgardiste Black Shining
5%
Black Metal Silencer
5%
Death Metal Sinister
5%
Alternative Metal Staind
5%
Guitar Hero Steve Vai
5%
Black Metal Taake
5%
Hard Rock Ted Nugent
5%
Hardcore Terror
5%
Gothic Metal The 69 Eyes
5%
Gothic Metal Theatre Of Tragedy
5%
Technical Death The Faceless
5%
Hard Rock Thin Lizzy
5%
Gothic Metal Tiamat
5%
Black Metal Tsjuder
5%
Heavy Metal UDO
5%
Death Metal Vital Remains
5%
Death Metal Vomitory
5%
Metalcore We Came As Romans
5%
Metalcore 36 Crazyfists
0%
Heavy Metal 3 Inches Of Blood
0%
Symphonic Power Adagio
0%
Industrial Black Ad Hominem
0%
Post Hardcore Alesana
0%
Hard Rock Alice Cooper
0%
Deathcore All Shall Perish
0%
Deathcore Annotations Of An Autopsy
0%
Alternative Metal AqME
0%
Technical Death Arsis
0%
Death Metal Asphyx
0%
Melodic Death Before The Dawn
0%
Black Metal Beherit
0%
Pagan Black Belenos
0%
Death Metal Benediction
0%
Crossover Black Bomb A
0%
Metalcore Bleeding Through
0%
Metalcore Blessthefall
0%
Death Grind Brujeria
0%
Thrash Death Cavalera Conspiracy
0%
Folk Death Chthonic
0%
Technical Thrash Coroner
0%
Heavy Metal Crucified Barbara
0%
Power Metal Dagoba
0%
Metalcore Darkest Hour
0%
Melodic Black Dark Fortress
0%
Avantgardiste Black Deathspell Omega
0%
Industrial Metal Deathstars
0%
Metalcore Demon Hunter
0%
Deathcore Despised Icon
0%
Death Metal Divine Heresy
0%
Heavy Metal Doro
0%
Gothic Doom Draconian
0%
Pagan Black Drudkh
0%
Symphonic Heavy Edenbridge
0%
Gothic Metal Elis
0%
Metalcore Emmure
0%
Emo Metal Escape The Fate
0%
Symphonic Death Eternal Tears Of Sorrow
0%
Deathcore Eths
0%
Progressive Power Evergrey
0%
Thrash Metal Evile
0%
Metalcore Eyes Set To Kill
0%
Melodic Power Firewind
0%
Doom Black Forgotten Tomb
0%
Hard Rock Gotthard
0%
Pagan Black Graveland
0%
Symphonic Black Graveworm
0%
Doom Black Gris
0%
Heavy Metal Halford
0%
/ Heavy Metal Heaven And Hell
0%
Melodic Power Heavenly
0%
Pagan Folk Heidevolk
0%
Deathcore Here Comes The Kraken
0%
Gothic Metal HIM
0%
Black Metal Horna
0%
Deathcore Impending Doom
0%
/ Black Metal Inquisition
0%
Experimental Metal Iwrestledabearonce
0%
Brutal Death Kronos
0%
Death Thrash Legion Of The Damned
0%
Symphonic Black Limbonic Art
0%
Melodic Black Lord Belial
0%
Death Thrash Loudblast
0%
Heavy Metal Loudness
0%
Symphonic Metal Lunatica
0%
Hardcore Madball
0%
Viking Black Månegarm
0%
Death Grind Misery Index
0%
Metalcore Miss May I
0%
Melodic Death Mors Principium Est
0%
Hard Rock Murderdolls
0%
Black Metal Mütiilation
0%
Melodic Black Naglfar
0%
Black Metal Nehëmah
0%
Melodic Death Norther
0%
Metalcore Of Mice And Men
0%
Technical Death Quo Vadis
0%
Black Metal Ragnarok
0%
Heavy Metal Running Wild
0%
Thrash Metal Sacred Reich
0%
Black Metal Sargeist
0%
Black Metal Satanic Warmaster
0%
Melodic Death Scar Symmetry
0%
Brutal Death Severe Torture
0%
Metalcore Shadows Fall
0%
Hardcore Sick Of It All
0%
Emo Metal Silverstein
0%
Hard Rock Slash
0%
Metalcore Sonic Syndicate
0%
Folk Death SuidakrA
0%
Folk Metal Svartsot
0%
Death Doom Swallow The Sun
0%
Cyber Metal Sybreed
0%
Death Thrash Sylosis
0%
Hardcore Tagada Jones
0%
Heavy Metal Tarot
0%
Deathcore The Acacia Strain
0%
Metalcore The ARRS
0%
Atmospheric Metal The Gathering
0%
Visual Kei The Gazette
0%
Death Thrash The Haunted
0%
Viking Black Thyrfing
0%
Hard Rock Trust
0%
Hard Rock UFO
0%
Grindcore Ultra Vomit
0%
Gothic Metal Unsun
0%
Black Metal Urgehal
0%
Deathcore Waking The Cadaver
0%
Metalcore Walls Of Jericho
0%
Thrash Metal Warbringer
0%
Heavy Metal Warlock
0%
Industrial Metal Wednesday 13
0%
Symphonic Death Winds Of Plague
0%
No matching quizzes found
Score Distribution
Percent of People with Each Score
Percentile by Number Answered
Your Score History
You have not taken this quiz